banner-ar

تراث احمد لطفى السيد / (Record no. 65698)

MARC details
000 -الفاتح
حقل البيانات ثابتة الطول 01404nam a22002537a 4500
005 - وقت وتاريخ اخر تعامل مع التسجيلة
رقم الضبط 20240530110838.0
008 - عناصر البيانات ثابتة الطول - معلومات عامة
حقل البيانات ثابتة الطول 191209s2008 ua f b 000 0 ara d
017 ## - رقم الايداع القانونى
رقم الايداع القانونى 2008/3661 ( مج 1 )
المصدر ( الهيئة المختصة) مصر. دار الكتب
017 ## - رقم الايداع القانونى
رقم الايداع القانونى 2008/1696
المصدر ( الهيئة المختصة) مصر. دار الكتب ( مج 2 )
020 ## - الرقم الدولى المعيارى للكتب
الرقم الدولى المعيارى للكتاب 9771805495 ( مج 1 )
020 ## - الرقم الدولى المعيارى للكتب
الرقم الدولى المعيارى للكتاب 9771805436 ( مج 2 )
040 ## - مصدر الفهرسة
وكالة الفهرسة الأصلية EG-CaGPL
وكالة النسخ EG-CaGPL
082 04 - رقم تصنيف ديوى العشرى
رقم الطبعة 21
رقم التصنيف 814.008
رقم المادة ق/ ع ت
100 0# - المدخل الرئيسى - إسم شخصى
الإسم الشخصى عبدالمنعم محمد سعيد
245 10 - بيان العنوان
العنوان تراث احمد لطفى السيد /
بيان المسئوليه,etc تقديم محمد صابر عرب ؛ دراسة عبدالمنعم محمد سعيد
رقم الجزء/قسم العمل الاول :
اسم جزء/قسم العمل المنتخبات . صفحات مطوية من تاريخ الحركة الاستقلالية فى مصر
رقم الجزء/قسم العمل الثانى :
اسم جزء/قسم العمل قصة حياتى . مبادئ فى السياسة والادب والاجتماع . تاملات فى الفلسفة والادب والسياسة والاجتماع
260 ## - PUBLICATION, DISTRIBUTION, ETC. (IMPRINT)
تاريخ النشر أو التوزيع 2008
300 ## - الوصف المادى
التعداد 2 جزء ؛
أبعاد الوعاء 24 سم.
504 ## - تبصرة ببليوجرافية
تبصرة ببليوجرافية,الخ يشمل على ارجاعات ببليوجرافية
600 0# - المدخل الاضافى بالموضوع-اسم شخصى
الإسم الشخصى احمد لطفى السيد
651 07 - المدخل الاضافى بالموضوع - اسم جغرافى
مصدر الرأس أو المصطلح qrmak
الاسم الجغرافي مصر
التقسيم الفرعي العام الاحوال السياسية
700 0# - المدخل الاضافى - اسم شخصى
الإسم الشخصى عبدالمنعم محمد سعيد
الدور دراسة
942 ## - عناصر المدخل الإضافي( كوها)
مصدر التصنيف او مخطط الترفيف Dewey Decimal Classification
Koha [default] item type كتاب
260 ## - PUBLICATION, DISTRIBUTION, ETC. (IMPRINT)
-- القاهرة :
-- مطبعة دار الكتب و الوثائق القومية بالقاهرة ،
Holdings
حالة التراجع حالة الفقد حالة تلف ليس للاعارة المكان المؤقت الموقع الحالى موقع الترفيف تاريخ الاكتساب اجمالي اﻻعارات رقم الطلب الباركود تاريخ اخر مشاهدة تاريخ تفعيل السعر نوع وعاء كوها
        مكتبة القاهرة الكبرى مكتبة القاهرة الكبرى   12/09/2019   814.008 ق/ع ت 166794 12/09/2019 12/09/2019 كتاب
        مكتبة القاهرة الكبرى مكتبة القاهرة الكبرى   12/14/2019   814.008 ق/ ع ت 166808 12/14/2019 12/14/2019 كتاب

Powered By

EGPV